| 000 | 00716nam a2200217 u 4500 | ||
|---|---|---|---|
| 005 | 20240910063934.0 | ||
| 008 | 150126s1999 r 000 0 eng d | ||
| 020 | _a8439287232 | ||
| 035 | _aUPN01000201443 | ||
| 049 | _aI | ||
| 050 | 4 |
_aPZ36.3 _bM6.52 |
|
| 100 | 1 |
_aMoser, Erwin, _d1954- _931970 |
|
| 245 | 1 | 0 |
_aManuel y Didí y el turbante azul : _baventuras ratoniles en verano / _cErwin Moser ; tr. de Silvia Bardelás. |
| 260 |
_aMadrid : _bGaviota, _c1999. |
||
| 300 |
_a46 p. : _bil. col. |
||
| 440 | 0 | _aGaviota Junior | |
| 534 |
_pTítulo original: _tManuel & Didi Der blaue Turban |
||
| 650 | 4 |
_aRATONES - _vLITERATURA INFANTIL _910248 |
|
| 650 | 4 |
_aCuentos infantiles alemanes _98589 |
|
| 905 | _aInfantil | ||
| 999 |
_c173544 _d173544 |
||